| 000 | 00713nam a22002297a 4500 | ||
|---|---|---|---|
| 003 | OSt | ||
| 005 | 20230405123619.0 | ||
| 008 | 160616b xxu||||| |||| 00| 0 eng d | ||
| 010 | _a 00513473 | ||
| 020 |
_a0373970331 (pbk.) : _c$3.95 |
||
| 035 | _a(OCoLC)ocm15370425 | ||
| 040 |
_aMMU _cMMU _dMMU _beng |
||
| 050 | 0 | 0 | _aFIC PZ63.2 .M38 1987 |
| 100 | 1 |
_aMatthews, Patricia, _d1927- |
|
| 245 | 1 | 0 |
_aEnchanted / _cPatricia Matthews. |
| 260 |
_aToronto : _aNew York : _bWorldwide, _cc1987. |
||
| 300 |
_a402 p. : _c18 cm. |
||
| 655 | 7 |
_aLove stories. _2gsafd |
|
| 710 | 2 |
_aCopyright Paperback Collection (Library of Congress) _5DLC |
|
| 906 |
_a7 _bcbc _ccopycat _d2 _encip _f20 _gy-genrareb |
||
| 942 |
_2lcc _cLOAN LOAN |
||
| 999 |
_c17553 _d17553 |
||